Normal view
MARC view
Entry Topical Term
001 - CONTROL NUMBER
- control field: 33188
003 - CONTROL NUMBER IDENTIFIER
- control field: ARRUPE
005 - DATE AND TIME OF LATEST TRANSACTION
- control field: 20170718122658.0
008 - FIXED-LENGTH DATA ELEMENTS
- fixed length control field: 170718|| aca||aabn | a|a d
040 ## - CATALOGING SOURCE
- Original cataloging agency: ARRUPE
- Transcribing agency: ARRUPE
150 ## - HEADING--TOPICAL TERM
- Topical term or geographic name as entry element: Enlightenment.
670 ## - SOURCE DATA FOUND
- Source citation: Work cat.: (ARRUPE)65423: Dupré, Louis K., 1925- 33187, The Enlightenment and the intellectual foundations of modern culture /, c2004.